Normal view
MARC view
Entry Personal Name
001 - CONTROL NUMBER
- control field: 15006
003 - CONTROL NUMBER IDENTIFIER
- control field: dpl
005 - DATE AND TIME OF LATEST TRANSACTION
- control field: 20100818163221.0
008 - FIXED-LENGTH DATA ELEMENTS
- fixed length control field: 100818|||a|||||| | ||| d
040 ## - CATALOGING SOURCE
- Original cataloging agency: dpl
- Transcribing agency: dpl
100 ## - HEADING--PERSONAL NAME
- Personal name: Gupta,Pankaj
670 ## - SOURCE DATA FOUND
- Source citation: Work cat.: (dpl)41113: Gupta,Pankaj, Culture ecology interface:, 2010
670 ## - SOURCE DATA FOUND
- Source citation: Work cat.: (dpl)41113: Gupta,Pankaj, Culture ecology interface:, 2010
